| 000 | 01137nam a22001935i 4500 | ||
|---|---|---|---|
| 001 | 160183 | ||
| 003 | ES-MaACL | ||
| 005 | 20230906211947.0 | ||
| 008 | 020130s1875 sp |||| | spa d | ||
| 040 |
_aCAM _bspa _cCAM |
||
| 100 | 1 |
_aMoreno, Pedro José. _9130192 |
|
| 245 | 1 | 3 |
_aLa redencion del pecado (segunda parte de los pobres de Madrid) _b: drama en siete cuadros y en prosa / _coriginal de Pedro J. Moreno y José Olier. |
| 260 |
_aMadrid : _b[s.n.], _c1875 ( _fImprenta de Pedro Abienzo) |
||
| 300 |
_a72 p. ; _c19 cm. |
||
| 500 | _aEn port.: Estrenado la noche del 10 de abril de 1875 en el Teatro de Novedades y representado en la del 14 delante de S.M. y A.R. | ||
| 596 | _aAl v. de port. consta : "... Galería Dramática y Lírica, titulada El Teatro, de D. Eduardo Hidalgo..." | ||
| 700 | 1 |
_aOlier, José. _9130609 |
|
| 852 |
_aES-MaACL _jF-8595(8) _z-- Enc. pasta española _z-- Ex-libris ms. de Raimundo Andiano, Santoña 1875 _z-- Dedicatoria ms. de J. Olier al actor Raymundo Andiano _q.- Falto de la cub. original _z.- Enc. en un vol. facticio formando parte de la col. facticia "Teatro español moderno", vol. 48 |
||
| 999 |
_c160183 _d160183 |
||